01801 a2200193 45000010006000000050017000060080041000230030015000640400040000790800030001192450030001490200018001792500012001972640047002093000019002565051282002751000026015577000024015835461620260407155820.0260407a1998 arg spa dAR-UNSa-BCEJYS aAR-UNSa-BCEJYSbspacAR-UNSa-BCEJYS a329.12xCorriente liberal10aDespués del liberalismo a968-23-2033-X a2a. ed. 1aMéxico :bSiglo Veintiuno editoresc1998 a268 p.c21 cm. aPrimera parte: Después del decenio de 1990: ¿Es posible reconstruir? - 1. La guerra fría y el tercer mundo: ¿Los buenos tiempos pasados? - 2. Paz,estabilidad y legitimación,1990-2025/2050 - 3. ¿Qué esperanza hay para África? ¿Qué esperanza hay para el mundo? - Segunda parte: La construcción y el triunfo de la ideología liberal - 4. ¿Tres ideologías o una? La seudobatalla de la modernidad - 5. El liberalismo y la legitimación de los estdaos-nación: Una interpretación histórica - 6. El concepto de desarrollo nacional 1917-1989: Elegía y réquiem - Tercera parte: Los dilemas históricos de los liberales - 7. ¿El fin de cuál modernidad? - 8. Las insuperables contradicciones del liberalismo: Los derechos humanos y los derechos de los pueblos en la geo-cultura del sistema mundial moderno - 9. ¿Geocultura del desarrollo o la transformación de nuestra geocultura? - 10. Estados Unidos y el mundo: Hoy,ayer y mañana - Cuarta parte: ¿La muerte del socialismo o el capitalismo en peligro de muerte? - 11. La revolución como estrategia y las tácticas de transformación - 12. El marxismo después de la caída de los comunismos - 13. El colapso del liberalismo - 14. Las agonías del liberalismo.¿Qué esperar del progreso?1 aWallerstein, Immanuel1 aMastrangelo, Stella